MDQL
is popping MORE tags! Check the
thread
!
Quizzes
Events
Quiz Creation
Community
Videos
Private Events
Remove Ads
Sign In
Join for FREE
Feedback
Dark Mode
Quiz Categories
Sports
Geography
Music
Movies
Television
Just For Fun
Miscellaneous
History
Literature
Language
Science
Gaming
Entertainment
Religion
Holiday
For Kids
Quiz Lab
Recent
Popular Today
Quiz Kudos Today
Editor Picks
Curator Picks
Quizzes by...
Day
Popularity
Type
Ratings
Length
Year
Community
Subscriptions
Recent Discussions
Orange Saloon
Badges
Playlists
Quests
Create
Leaderboards
Showdown
Live 5
Trivia Bingo
Activity
Puzzle Library
Sporcle Events
Private Events
Virtual Trivia
Globe League
Become a Host
Pub Owners
SporcleCon
Opinionation
Our Games
Videos
Blog
Mobile Apps
Partnerships
Remove Ads and Go Orange
Feedback
Sports
Athletes
MLB
NBA
NHL
NFL
Soccer
Sports Teams
WWE
NCAA
Football
Premier League
Basketball
Baseball
Hockey
Golf
Tennis
Cricket
Rugby
Auto Racing
Olympics
World Cup
Sports
Athletes
MLB
NBA
NHL
NFL
Soccer
Sports Teams
WWE
NCAA
Football
Premier League
Basketball
Baseball
Hockey
Golf
Tennis
Cricket
Rugby
Auto Racing
Olympics
World Cup
Random Quiz
Search Sporcle
×
Quiz Lab
Quiz Lab
Sports
MLB
Type in answers that appear in a list
Type in answers that appear in a list
Classic
Best Score? Go Orange.
MLB Best Position Players by Decade, 2000-2012 Stats
Can you name the MLB Best Position Players by Decade from 2000-2012?
By
piano_guitar
10m
130 Questions
4,640 Plays
4,640 Plays
4,640 Plays
Comments
Comments
Give Quiz Kudos
Give Quiz Kudos
-
- Ratings
hide this ad
More Info
Replay
Link that replays current quiz
Next Quiz
Link to next quiz in quiz playlist
You Got
0%
They Got
Avg Score
75%
Avg Friend Score
Upgrade to see
Score Distribution
Jump to the score distribution portion of the page
Score
0/130
Timer
10:00
0
Plays Today
Years
Player
% Correct
2003-
2012
Alex Rodriguez
95.9%
2002-
2011
Alex Rodriguez
95.9%
2001-
2010
Alex Rodriguez
95.9%
2000-
2009
Alex Rodriguez
95.9%
1999-
2008
Alex Rodriguez
95.9%
1998-
2007
Alex Rodriguez
95.9%
1997-
2006
Alex Rodriguez
95.9%
1996-
2005
Alex Rodriguez
95.9%
1995-
2004
Alex Rodriguez
95.9%
1994-
2003
Alex Rodriguez
95.9%
1993-
2002
Alex Rodriguez
95.9%
1996-
2005
Ivan Rodriguez
95.4%
1995-
2004
Ivan Rodriguez
95.4%
1994-
2003
Ivan Rodriguez
95.4%
2002-
2011
Derek Jeter
94.7%
2001-
2010
Derek Jeter
94.7%
2000-
2009
Derek Jeter
94.7%
1997-
2006
Derek Jeter
94.7%
2003-
2012
Albert Pujols
94.2%
2002-
2011
Albert Pujols
94.2%
2001-
2010
Albert Pujols
94.2%
2000-
2009
Albert Pujols
94.2%
1999-
2008
Albert Pujols
94.2%
1998-
2007
Albert Pujols
94.2%
2001-
2010
Barry Bonds
93%
2000-
2009
Barry Bonds
93%
1999-
2008
Barry Bonds
93%
1998-
2007
Barry Bonds
93%
1997-
2006
Barry Bonds
93%
1996-
2005
Barry Bonds
93%
1995-
2004
Barry Bonds
93%
1994-
2003
Barry Bonds
93%
1993-
2002
Barry Bonds
93%
1992-
2001
Barry Bonds
93%
1991-
2000
Barry Bonds
93%
1996-
2005
Manny Ramirez
86.9%
1995-
2004
Manny Ramirez
86.9%
1995-
2004
Sammy Sosa
86.6%
1994-
2003
Sammy Sosa
86.6%
1993-
2002
Sammy Sosa
86.6%
1992-
2001
Sammy Sosa
86.6%
1994-
2003
Ken Griffey, Jr.
84.3%
1993-
2002
Ken Griffey, Jr.
84.3%
1992-
2001
Ken Griffey, Jr.
84.3%
Years
Player
% Correct
1991-
2000
Ken Griffey, Jr.
84.3%
2002-
2011
Chipper Jones
84%
2001-
2010
Chipper Jones
84%
2000-
2009
Chipper Jones
84%
1999-
2008
Chipper Jones
84%
1998-
2007
Chipper Jones
84%
1997-
2006
Chipper Jones
84%
1996-
2005
Chipper Jones
84%
1995-
2004
Chipper Jones
84%
1994-
2003
Chipper Jones
84%
2000-
2009
Andruw Jones
83.9%
1999-
2008
Andruw Jones
83.9%
1998-
2007
Andruw Jones
83.9%
1997-
2006
Andruw Jones
83.9%
1996-
2005
Andruw Jones
83.9%
1991-
2000
Mark McGwire
82.4%
1996-
2005
Jeff Bagwell
76.7%
1995-
2004
Jeff Bagwell
76.7%
1994-
2003
Jeff Bagwell
76.7%
1993-
2002
Jeff Bagwell
76.7%
1992-
2001
Jeff Bagwell
76.7%
1991-
2000
Jeff Bagwell
76.7%
1992-
2001
Frank Thomas
76.4%
1991-
2000
Frank Thomas
76.4%
2003-
2012
Miguel Cabrera
75.8%
1995-
2004
Jim Thome
73.8%
1994-
2003
Jim Thome
73.8%
1993-
2002
Craig Biggio
73.8%
1992-
2001
Craig Biggio
73.8%
1991-
2000
Craig Biggio
73.8%
2000-
2009
Todd Helton
72.7%
1999-
2008
Todd Helton
72.7%
1998-
2007
Todd Helton
72.7%
1994-
2003
Edgar Martinez
71.3%
1992-
2001
Edgar Martinez
71.3%
1991-
2000
Edgar Martinez
71.3%
1993-
2002
Larry Walker
69.3%
1992-
2001
Larry Walker
69.3%
2003-
2012
Chase Utley
69.2%
2002-
2011
Chase Utley
69.2%
2001-
2010
Chase Utley
69.2%
2003-
2012
Jimmy Rollins
69.1%
2003-
2012
Ichiro Suzuki
68.9%
2002-
2011
Ichiro Suzuki
68.9%
Years
Player
% Correct
2001-
2010
Ichiro Suzuki
68.9%
1995-
2004
Mike Piazza
67.1%
1994-
2003
Mike Piazza
67.1%
1993-
2002
Mike Piazza
67.1%
1992-
2001
Mike Piazza
67.1%
1991-
2000
Mike Piazza
67.1%
1998-
2007
Vladimir Guerrero
66.4%
1997-
2006
Vladimir Guerrero
66.4%
2003-
2012
Carlos Beltran
66%
2002-
2011
Carlos Beltran
66%
2001-
2010
Carlos Beltran
66%
2000-
2009
Carlos Beltran
66%
1999-
2008
Carlos Beltran
66%
2002-
2011
Lance Berkman
64.4%
2001-
2010
Lance Berkman
64.4%
2000-
2009
Lance Berkman
64.4%
1999-
2008
Lance Berkman
64.4%
2003-
2012
Adrian Beltre
61.8%
2002-
2011
Adrian Beltre
61.8%
2003-
2012
David Wright
60.7%
1997-
2006
Jim Edmonds
60.2%
1996-
2005
Jim Edmonds
60.2%
1995-
2004
Jim Edmonds
60.2%
1993-
2002
Rafael Palmeiro
58.4%
1991-
2000
Rafael Palmeiro
58.4%
2002-
2011
Scott Rolen
54.9%
2001-
2010
Scott Rolen
54.9%
2000-
2009
Scott Rolen
54.9%
1999-
2008
Scott Rolen
54.9%
1998-
2007
Scott Rolen
54.9%
1997-
2006
Scott Rolen
54.9%
1996-
2005
Scott Rolen
54.9%
2003-
2012
Matt Holliday
47.1%
1998-
2007
Bobby Abreu
38.1%
1997-
2006
Bobby Abreu
38.1%
1992-
2001
Kenny Lofton
36.2%
1999-
2008
Brian Giles
29.8%
1998-
2007
Brian Giles
29.8%
1997-
2006
Brian Giles
29.8%
1996-
2005
Brian Giles
29.8%
1993-
2002
John Olerud
28.8%
1991-
2000
Robin Ventura
17.4%
Quiz Playlist
Details
Report
Send in Message
Add To Playlist
More Info:
Uses Fangraphs' Wins Above Replacement (WAR). Each leader is over a 10-year span, each one of which ended in the 2000s.
Classic:
Type in answers that appear in a list
Quiz Source
Last Updated: Feb 16, 2017
Quiz Scoreboard
CHALLENGE
Sign Up to Join the Scoreboard
Show All
Scores
Hide
Comments
May contain spoilers
Recently Published
1-10 Letter E Words III
by El_Dandy
Language
2m
Street Fighter Characters
by Artimus82
Gaming
60s
College Basketball Coaching Resumes
by pancakes188
Sports
9m
More to Explore
Quiz From the Vault
Featured Blog Post
Where Did the Easter Bunny Come From?
hide this ad
You Might Also Like...
Tags
Baseball Quiz
Decade Quiz
MLB Quiz
Position Players
Wins Above Replacement
Today's Top Quizzes in Sports
Browse Sports
hide this ad
Today's Top Quizzes in MLB
Browse MLB
Top Contributed Quizzes in Sports
1
2022 World Cup Stars
2
Les meilleurs buteurs des matchs entre le PSG et l’OM
3
FIFA Club World Cup Champions
4
Les entraîneurs de l'OM et du PSG au 21e siècle
5
Criteria MLB: Left Handed Sluggers
6
2023 MLB Unique Player Accomplishments
7
AFC Teams Reveal (Wrong Answers Minefield)
8
Players with Multiple 50 Home Run Seasons
9
5-to-1: FBS Animal Nicknames
10
5-to-1: UK Sports Teams
Explore More
Trending Topics
NBA
Disney
Anime
Crossword
Marvel
Harry Potter
Kpop
Pokémon
The Office
Puzzle
Song
WWE
NFL
Soccer
Country
hide this ad
More By:
piano_guitar
Quiz
Plays
Rating
Category
Featured
Created
Big Six Sports Cities
9,015
4.20
Sports
May 7, 2012
Players for Each Retired Number (MLB)
7,737
4.17
Sports
Jan 16, 2012
MLB Best Outfielders, 1961-2011
6,059
4.60
Sports
Mar 28, 2012
MLB Best Pitchers and Catchers, 1961-2011
5,660
4.63
Sports
Apr 3, 2012
MLB Best Infielders, 1961-2011
4,772
4.56
Sports
Mar 28, 2012
Go to Creator's Profile
Score Distribution
Quiz Creator Spotlight
piano_guitar
Follow
Send a Message
Quizzes Created
-
Created Quiz Play Count
-
More By This Creator
Popular Quizzes Today
1
Find the US States - No Outlines Minefield
2
Find the Countries of Europe - No Outlines Minefield
3
The Countries of the World
4
Find the US States
5
Risky Map Clicking: Biggest States A-Z
6
US States
7
Popular People in 1961
8
Movies - When Are They Set?
More Sports Quizzes
MLB 1980's : The Golden Boys (Redux)
Curator's Pick
Trending Quizzes
Risky Map Clicking: Least Populous States A-Z
1-10 Letter G Words
1-10 Letter F Words
Countries of the World: 200 Million BC
Risky Map Clicking: Next State Alphabetically
Recently Updated
Beyoncé Albums
pecheneg
Leaping Animals
pecheneg
Reality TV Shows (A-Z)
bhenderson79
Rickey Henderson's Hall of Fame Teammates
pecheneg
Champions League XIs: Arsenal
pecheneg
Quick Pick: Celebrities in WWE's Hall of Fame
aduchscher
A-Z Keypad Blitz II
pecheneg
Multiple Oscar Actors
pecheneg
Mystery Phrase Blitz: Oscar 'Best Actors'
pecheneg
F. Scott Fitzgerald Novels
LTH
Trending Topics
Marvel
Harry Potter
Disney
Kpop
NBA
Crossword
Anime
NFL
The Office
Puzzle
WWE
Song
Pokémon
Soccer
Country
Your Account Isn't Verified!
In order to create a playlist on Sporcle, you need to verify the email address you used during registration. Go to your
Sporcle Settings
to finish the process.
Report this User
Report this user for behavior that violates our
Community Guidelines
.
Details:
Send Report
Go to the Sporcle.com Mobile Site →
Comments